| 000 | 00897nmm a2200289 a 4500 | ||
|---|---|---|---|
| 001 | ocm000592905 | ||
| 003 | TR-IsHL | ||
| 005 | 20201028120207.0 | ||
| 008 | 130625s2008 tu tur | ||
| 007 | cr cn | ||
| 020 | _a9789944978200 | ||
| 035 |
_a592905 _b(N$T) |
||
| 050 | 0 | 4 |
_aQ164 _b.I93 2008 |
| 090 | 0 | 4 |
_aQ164 _b.I93 2008 |
| 100 | 1 | _aİzci, İbrahim | |
| 245 | 1 | 0 |
_aZeka oyunları _h[electronic resource] / _cİbrahim İzci ; ed. M. Umut Küçükvar |
| 250 | _a1. bs. | ||
| 260 |
_aİstanbul : _bİlgi Kültür Sanat Yayıncılık, _c2008 |
||
| 300 | _a112 p. | ||
| 650 | 4 | _aGenel Çalışmalar | |
| 650 | 4 | _aGeneral Works | |
| 650 | 0 | _aZeka oyunları | |
| 650 | 0 | _aBrain teaser | |
| 650 | 7 |
_aGAMES / Logic & Brain Teasers _2bisacsh |
|
| 700 | 1 | _aKüçükvar, M. Umut | |
| 856 | 4 | 0 | _uhttp://search.ebscohost.com/login.aspx?direct=true&scope=site&db=e011xww&AN=592905 |
| 999 |
_c654 _d654 |
||